| 000 | 00959nas a2200313 4500 | ||
|---|---|---|---|
| 001 | BR9504441 | ||
| 003 | BR-BrBNA | ||
| 005 | 20231205094122.0 | ||
| 007 | ta | ||
| 008 | 230509b bl.|||p| |||| 00| 00por d | ||
| 040 |
_aBR-BrBNA _bpor _cBiblioteca Nacional de Agricultura |
||
| 041 | _a(Pt) | ||
| 072 | _aF62; F01 | ||
| 100 | 1 | _aLeonel, S. | |
| 100 | 1 | _aModesto, J.C. | |
| 100 | 1 | _aRodrigues, J.D. | |
| 245 | 1 | _aInfluencia de fitorreguladores e nitrato de potassio na germinacao de sementes e no crescimento de porta-enxerto de Citrus amblycarpa | |
| 650 | _aNasnaran | ||
| 650 | _aSemente | ||
| 650 | _aPorta Enxerto | ||
| 650 | _aAcido Giberelico | ||
| 650 | _aCitoquinina | ||
| 650 | _aNitrato de Potassio | ||
| 650 | _aCrescimento | ||
| 650 | _aGerminacao | ||
| 773 | 0 |
_tScientia Agricola (Brazil) _xISSN 0103-9016 _g(May-Aug 1994), v. 51(2) p. 252-259 _wBR9504441 |
|
| 909 |
_a202311 _bLúcia _c55 _dLúcia Elande |
||
| 942 |
_2AGRIS _n0 _cANA |
||
| 999 |
_c142179 _d142179 |
||